| 000 | 00995nam a22002055i 4500 | ||
|---|---|---|---|
| 001 | 157520 | ||
| 003 | ES-MaACL | ||
| 005 | 20251218180317.0 | ||
| 008 | 020311s1871 sp |||| | spa d | ||
| 040 |
_aCAM _bspa _cCAM |
||
| 100 | 1 |
_aLeón, Félix de. _971574 |
|
| 245 | 1 | 0 |
_aClelia _b: drama lírico en un acto y en verso / _coriginal de Félix de Leon y Enrique Prieto. |
| 260 |
_aMadrid : _b[s.n.], _c1871 ( _fImprenta de Lazaro Maroto) |
||
| 300 |
_a32 p. ; _c19 cm. |
||
| 500 | 1 | _aEn port.: Estrenado en el Teatro del Recreo la noche del 30 de setiembre de 1871. | |
| 596 | 1 | _aAl v. de port. consta : "... Galerías dramáticas y líricas de los Bufos Arderius..." | |
| 700 | 1 |
_aPrieto, Enrique, _dm. 1914 _9139960 |
|
| 852 |
_aES-MaACL _jF-8568(9) _z-- Enc. pasta española _z-- Dedicatoria ms. de E. Prieto a José Carles _q-- Falto de la cub. original _z-- Enc. en un vol. facticio formando parte de la col. facticia "Teatro español moderno", vol. 21 |
||
| 999 |
_c157520 _d157520 |
||